=LDR 00000nam 2200000 4500 =001 INLIS000000000006337 =005 20130612094500 =008 ***********************************Ind** =035 ##$$0010-061300000006337 =041 ##$$a Ind =082 ##$$a 181. 16 =090 ##$$a 181.16 Sri t =100 ##$$a Sri Mulyono =245 ##$$a Tripana, watak satia dan satria/ Sri Mulyono =260 ##$$a 1978 $b Jakarta =300 ##$$a 144 hlm. : ilus. ; 21 cm =650 ##$$a Filsafat-Jawa-Wayang =850 ##$$a NBPNMAT